Practical guide to the use of the European communities' scheme of generalized tariff preferences.

Bibliographic Details
Format: Book
Published: Luxembourg: Office for Official Publications of the European Communities, 1984.
Subjects:
LEADER 00657cam a2200181 7i4500
001 0000004847
005 20010728090000.0
002 ##000006402
020 0 0 |a 92-825-4409-5  
090 0 0 |a T 382.7   |b PRA(EURO) 
245 0 0 |a Practical guide to the use of the European communities' scheme of generalized tariff preferences. 
260 0 0 |a Luxembourg:   |b Office for Official Publications of the European Communities,   |c 1984. 
300 # # |a 366 p.. 
500 0 0 |a Library has 1984 and 1986 
650 0 0 |a Tariff --   |z Europe  
651 0 0 |a Europe  
999 |a 0000003449  |b Book  |c Open shelf  |e Business Information Centre 
999 |a 0000002958  |b Book  |c Open shelf  |e Business Information Centre